<?xml version='1.0' encoding='UTF-8'?>
  <record xmlns="http://www.loc.gov/MARC21/slim">
    <leader>00000cam a22000007i 4500</leader>
    <controlfield tag="001">ocm67800900</controlfield>
    <controlfield tag="003">OCoLC</controlfield>
    <controlfield tag="005">20250625070932.3</controlfield>
    <controlfield tag="008">990225s1820    gw a          000 0 ger d</controlfield>
    <datafield tag="040" ind1=" " ind2=" ">
      <subfield code="a">NLGGC</subfield>
      <subfield code="b">dut</subfield>
      <subfield code="e">fobidrtb</subfield>
      <subfield code="c">NLGGC</subfield>
      <subfield code="d">QGJ</subfield>
      <subfield code="d">OCLCQ</subfield>
      <subfield code="d">OCLCL</subfield>
    </datafield>
    <datafield tag="029" ind1="0" ind2=" ">
      <subfield code="a">NLGGC</subfield>
      <subfield code="b">180786253</subfield>
    </datafield>
    <datafield tag="029" ind1="1" ind2=" ">
      <subfield code="a">HEBIS</subfield>
      <subfield code="b">212403699</subfield>
    </datafield>
    <datafield tag="029" ind1="1" ind2=" ">
      <subfield code="a">HEBIS</subfield>
      <subfield code="b">285612204</subfield>
    </datafield>
    <datafield tag="035" ind1=" " ind2=" ">
      <subfield code="a">(OCoLC)67800900</subfield>
    </datafield>
    <datafield tag="082" ind1="1" ind2="4">
      <subfield code="a">509</subfield>
      <subfield code="q">OCoLC</subfield>
      <subfield code="1">https://id.oclc.org/worldcat/ddc/E3kk7D6ycdCqfr3pCCxF4PGWg3</subfield>
    </datafield>
    <datafield tag="100" ind1="1" ind2=" ">
      <subfield code="a">Schlotheim, Ernst Friedrich von,</subfield>
      <subfield code="d">1764-1832.</subfield>
    </datafield>
    <datafield tag="245" ind1="1" ind2="4">
      <subfield code="a">Die Petrefactenkunde auf ihrem jetzigen Standpunkte durch die Beschreibung seiner Sammlung versteinerter und fossiler Überreste des Thier- und Pflanzenreichs der Vorwelt /</subfield>
      <subfield code="c">erläutert von E.F. Baron von Schlotheim ... mit xv Kupfertafeln ...</subfield>
    </datafield>
    <datafield tag="260" ind1=" " ind2=" ">
      <subfield code="a">Gotha :</subfield>
      <subfield code="b">In der Becker'schen Buchandlung,</subfield>
      <subfield code="c">1820-1823.</subfield>
    </datafield>
    <datafield tag="300" ind1=" " ind2=" ">
      <subfield code="a">3 dl. (LXII, 437; XI, 100; 114 p.) :</subfield>
      <subfield code="b">ill. ;</subfield>
      <subfield code="c">22 cm +</subfield>
      <subfield code="e">atlas (XV-XXIX, XXXVII platen illustraties ; 29 cm)</subfield>
    </datafield>
    <datafield tag="336" ind1=" " ind2=" ">
      <subfield code="a">tekst</subfield>
      <subfield code="b">txt</subfield>
      <subfield code="2">rdacontent/dut</subfield>
    </datafield>
    <datafield tag="336" ind1=" " ind2=" ">
      <subfield code="a">niet-bewegend beeld</subfield>
      <subfield code="b">sti</subfield>
      <subfield code="2">rdacontent/dut</subfield>
    </datafield>
    <datafield tag="337" ind1=" " ind2=" ">
      <subfield code="a">zonder medium</subfield>
      <subfield code="b">n</subfield>
      <subfield code="2">rdamedia/dut</subfield>
    </datafield>
    <datafield tag="338" ind1=" " ind2=" ">
      <subfield code="a">band</subfield>
      <subfield code="b">nc</subfield>
      <subfield code="2">rdacarrier/dut</subfield>
    </datafield>
    <datafield tag="500" ind1=" " ind2=" ">
      <subfield code="a">Plaat I-XIV werden uitgegeven bij: Beschreibung merkwürdiger Kräuterabdrücke und Pflanzen-versteinerungen, 1804. Plaat XV-XXIX werden uitgegeven voor onderhavige titel uit 1820. Bij Nachtr̃ge zur Petrefactenkunde . Gotha, 1822-1823 werden de afzonderlijk uitgegeven platen van de eerdere werken gecombineerd uitgegeven met 8 toegevoegde platen.</subfield>
    </datafield>
    <datafield tag="505" ind1="0" ind2=" ">
      <subfield code="a">[I. Hoofdwerk] -- [II.] Nachträge zur Petrefactenkunde -- [III.] Nachträge zur Petrefactenkunde : zweyte Abtheilung.</subfield>
    </datafield>
    <datafield tag="740" ind1="0" ind2=" ">
      <subfield code="a">Nachträge zur Petrefactenkunde.</subfield>
    </datafield>
    <datafield tag="758" ind1=" " ind2=" ">
      <subfield code="a">Die Petrefactenkunde auf ihrem jetzigen Standpunkte (Text)</subfield>
      <subfield code="1">https://id.oclc.org/worldcat/entity/E39PCGBMPm9wpWrG3BxgBJPXq3</subfield>
      <subfield code="4">https://id.oclc.org/worldcat/ontology/hasWork</subfield>
    </datafield>
  </record>